La Representació teatral : introducció als llenguatges del teatre actual / Joan Abellan introducció als llenguatges del teatre actual / Joan Abellan
Descripción Física:
153 p., [12] p. de làm. ; 22 cm
Colección:
Monografies de teatre ; 13
Materias:
Teatre
MARC
| LEADER | 00000nam a2200000Ia 4500 | ||
|---|---|---|---|
| 001 | 6874 | ||
| 008 | 160829s1983 xx 000 0 cat d | ||
| 080 | |a B-1-171 | ||
| 100 | 1 | |a Abellán, Joan, |d 1946- |9 30606 | |
| 245 | |a La Representació teatral : |b introducció als llenguatges del teatre actual / Joan Abellan | ||
| 260 | |a Barcelona : |b Institut del Teatre : |b Edicions 62, |c 1983 | ||
| 300 | |a 153 p., [12] p. de làm. ; |c 22 cm | ||
| 490 | |a Monografies de teatre ; 13 | ||
| 650 | |a Teatre |9 20099 | ||
| 710 | 1 | |a Institut del Teatre (Barcelona, Catalunya) |9 52662 | |
| 901 | |a Arxiu | ||
| 942 | |n 1 | ||
| 952 | |0 0 |1 0 |4 0 |6 B1171 |7 1 |9 41440 |a Arxiu |b Arxiu |d 2016-12-01 |l 0 |o B-1-171 |p 6874 |r 2016-12-01 00:00:00 |w 2016-12-01 |y ARXIU | ||
| 999 | |c 43247 |d 43247 | ||